000 00721nam a2200289Ia 4500
005 20260324150518.0
008 008 260324s9999 xx 000 0 eng d
020 _a9780203802809
037 _aEBOOK
040 _aCRL
040 _beng
040 _cCRL
041 _2eng
041 _aeng
084 _qCRL
100 _aNinian Smart
_91226676
245 4 _aThe Yogi and the Devotee (Routledge Revivals)
245 4 _bThe Interplay Between the Upanishads and Catholic Theology
260 _bTaylor and Francis
260 _c1964
365 _a
365 _b240
856 _uhttp://www.taylorfrancis.com/books/9780203802809
942 _cEBOOK
999 _c1836245
_d1836245